01493cam a2200421 i 4500001001200000003000600012005001700018008004100035035002300076040005500099041001300154046000900167245008700176250002000263260005300283300004200336336002700378337005400405338002800459380001600487380002500503388001400528388001400542500005200556500005200608500003600660546003900696600002400735650002700759650003300786650002000819650001400839650002200853650005400875655002100929658002800950710009300978xx005917243NUKAT20260407215931.0260407s1914 xx a |000 0 pol c a(NUKAT)xx005917243 aOLSZT 008/ALbpolerdacOLSZT 008/ALdOLSZT 008/AL1 apolhger k191400aMały podręcznik Arcybractwa Straży Honorowej Najsłodszego Serca Pana Jezusa. aWydanie drugie. a[Miejsce nieznane] :b[wydawca nieznany],c1914. a90, [5] stron :bilustracje ;c15 cm. aTekstbtxt2rdacontent aBez urządzenia pośredniczącegobn2rdamedia aWoluminbnc2rdacarrier aKsiążki aPublikacje religijne1 a1901-20001 a1901-1914 aU góry strony tytułowej: Niech żyje Jezus! aNa stronie tytułowej: Z aprobatą biskupią. aRok wydania według imprimatur. aPrzekład z języka niemieckiego.07aJezus Chrystus2DBN 7aBractwa religijne2DBN 7aDuchowość katolicka2DBN 7aKatolicyzm2DBN 7aKult2DBN 7aSerce Jezusa2DBN 7aNajświętsze Serce Jezusavmodlitewniki.2kaba 7aModlitewnik2DBN aReligia i duchowość2 aArcybractwo Straży Honorowej Najświętszego Serca Pana Jezusa.eInstytucja sprawcza